000 00364 a2200157 4500
001 76126
020 _a9788576835752
040 _cAnchieta - Colégio São Paulo
100 _aZett,Sabine
240 1 0 _aO plano infalível de Hugo
_lpor
245 1 0 _aO plano infalível de Hugo
300 _a207
362 0 _a2013
650 4 _aLiteratura juvenil
942 _cBK
999 _c76126
_d76126